| 000 | 00716nam a2200241Ia 4500 | ||
|---|---|---|---|
| 003 | OSt | ||
| 005 | 20230622153205.0 | ||
| 008 | 210423s2015 xx 000 0 und d | ||
| 020 | _a978-93-5039-132-7 | ||
| 040 | _cAL | ||
| 041 | _aeng | ||
| 082 |
_a658.15 _223 _bRAMF |
||
| 100 |
_aRAM (V Pattabhi);BALA (S D) _9112332 |
||
| 245 | _aFirst lessons in strategic financial management Ed 3 | ||
| 250 | _a3 | ||
| 260 |
_aMumbai _bSnow White Publications Pvt Ltd _c2015 |
||
| 300 |
_axv,972,F24 _bPB |
||
| 365 |
_b925 _cINR |
||
| 650 |
_aFinancial Management _9112333 |
||
| 650 |
_aManagement & Auxiliary Services 650 _9112334 |
||
| 906 | _afinancial ; First ; lesson ; management ; strategic | ||
| 942 |
_2ddc _cBK |
||
| 999 |
_c167207 _d167207 |
||